| 000 | 00548nam a2200193 a 4500 | ||
|---|---|---|---|
| 001 | 934 | ||
| 003 | CDMR | ||
| 005 | 20151026134202.0 | ||
| 008 | 130130s1974||||||||||||||||||||||||||||d | ||
| 020 | _a8431549556 | ||
| 024 |
_2DL _a34131974 |
||
| 040 |
_aCDMR _bcat _cCPC GIRONA |
||
| 100 | 1 |
_aZainqui, José María _9580 |
|
| 245 | 1 | 3 |
_aEl español incisivo _bIniciación al estilo periodístico _cZainqui, Jose Maria |
| 260 |
_c1974 _bDe Vecchi |
||
| 300 | _a255 p. | ||
| 650 |
_93772 _aPeriodisme--Manuals d'estil _vEstil periodístic |
||
| 942 |
_cMON _2udc |
||
| 999 |
_c934 _d934 |
||